[Event "Hyderabad Slan op 1st"]
[Site "Hyderabad"]
[Date "2023.07.21"]
[Round "1"]
[White "Bihaan, Sarkar"]
[Black "Anuj, Shrivatri"]
[Result "0-1"]
[WhiteElo "1095"]
[BlackElo "2427"]
[PlyCount "56"]
[EventDate "2023.07.21"]
[EventType "swiss"]
[EventRounds "9"]
[EventCountry "IND"]
[SourceTitle "CBM 215 Extra"]
[Source "ChessBase"]
[SourceDate "2023.09.30"]
[SourceVersion "1"]
[SourceVersionDate "2023.09.30"]
[SourceQuality "1"]

1. e4 c5 2. c3 Nf6 3. e5 Nd5 4. d4 cxd4 5. cxd4 d6 6. Nf3 Nc6 7. Bc4 Nb6 8. Bb5 dxe5 9. Nxe5 Bd7 10. Nxd7 Qxd7 11. Nc3 Rd8 12. Be3 e6 13. 0-0 Be7 14. Qg4 0-0 15. Rad1 Kh8 16. Rfe1 a6 17. Bxc6 Qxc6 18. Bc1 Nd5 19. Nxd5 Rxd5 20. Rd3 Bf6 21. Red1 Rfd8 22. Rc3 Qa4 23. b3 Qa5 24. Rdd3 Bxd4 25. Bd2 Bxc3 26. Bxc3 Qxc3 27. Rxc3 Rd1+ 28. Qxd1 Rxd1# 0-1